00394nam a2200133Ia 4500008004100000082001400041100001800055245003300073260001800106600001500124942000700139952009700146999001700243241002s9999 xx 000 0 und d a153.8 BIN aBindra Dalbin 0aMotivation selected readings aLondon:c1966 aPhilosophy cUC 00104070aUITUbUITUd1994-01-01l0o153.8 BINpUC452r2024-10-02 09:31:21w2024-10-02yUC c18779d18779